00762 2200301 4500001002100000005001500021035002000036245006400056110002200120250001700142300002800159260003900187082001000226084001600236020002200252650001000274990001600284990001600300990001600316990001600332990001600348990001600364990001600380990001600396990001600412990001600428990001600444INLIS00000000000012320240507110450 a0010-05240000451 aEnsiklopedia Percobaan Sains :bCahaya /cTim Doenia Aksara0 aTim Doenia Aksara acetakan ke-1 a56 hlm :bilus ;c25 cm aBekasi :bUranus Publishing,c2011 a535.8 a535.8 TIM e a978-602-863-752-7 4aSains a00000004834 a00000000511 a00000004330 a00000004331 a00000004332 a00000004333 a00000004490 a00000004491 a00000004724 a00000004725 a00000004726